000 00598nam a22002171i 4500
003 OSt
005 20151124145744.0
008 900514s1975 sp | ||| ||spa
020 _a84-320-5342-2
040 _cBMC
082 _a863
100 1 _aSalisachs, Mercedes‏
_d1916-2014
_937389
245 1 3 _aLa gangrena
_cMercedes Salisachs
250 _a1ª ed
260 _aBarcelona
_bPlaneta
_cD.L.1975
300 _a536 p., 1 h.
_c18 cm
490 0 _aAutores Españoles e Hispanoamericanos
586 _aPremio editorial Planeta 1975
650 2 4 _929289
_aNovela española
942 _2ddc
_cBK
999 _c23677
_d23677